LEADER 02581nam 2200589Ia 450 001 9910453934203321 005 20200520144314.0 010 $a1-281-84156-0 010 $a9786611841560 010 $a0-567-22878-9 035 $a(CKB)1000000000549984 035 $a(EBL)436187 035 $a(OCoLC)286966605 035 $a(SSID)ssj0000133805 035 $a(PQKBManifestationID)12052533 035 $a(PQKBTitleCode)TC0000133805 035 $a(PQKBWorkID)10046597 035 $a(PQKB)11563968 035 $a(MiAaPQ)EBC436187 035 $a(Au-PeEL)EBL436187 035 $a(CaPaEBR)ebr10256297 035 $a(CaONFJC)MIL184156 035 $a(OCoLC)893333859 035 $a(EXLCZ)991000000000549984 100 $a20000815d2000 uy 0 101 0 $aeng 135 $aur|n|---||||| 181 $ctxt 182 $cc 183 $acr 200 00$aCulture, entertainment and the Bible$b[electronic resource] /$fedited by George Aichele 210 $aSheffield, Eng. $cSheffield Academic Press$dc2000 215 $a1 online resource (233 p.) 225 0 $aJournal for the study of the Old Testament. Supplement series ;$v309 300 $aDescription based upon print version of record. 311 $a1-84127-075-X 320 $aIncludes bibliographical references (p. [206]-223) and indexes. 327 $aContents; Foreword; Acknowledgments; List of Contributors; Part I: POPULAR ENTERTAINMENT; Part II: ART LITERATURE, MUSIC; Part III: ON IDEOLOGY; Bibliography; Index of References; Index of Authors 330 $aThis topical volume deals with the adoption of biblical language and narrative and the presentation of 'biblical' images and themes in popular literature, art and mass media. The chapters, all written by experts in cultural studies of the Bible, explore how ideologies are produced, in various ways, when biblical texts are brought into play with each other, with other texts, and with the inevitable and continual demands for cultural and historical ""translation""-or ""recycling""-of the scriptures. The volume contains some theoretical reflections, but focuses on specific examples of cultural tr 410 4$aThe Library of Hebrew Bible/Old Testament Studies 606 $aPopular culture 608 $aElectronic books. 615 0$aPopular culture. 676 $a220.07 701 $aAichele$b George$0964540 801 0$bMiAaPQ 801 1$bMiAaPQ 801 2$bMiAaPQ 906 $aBOOK 912 $a9910453934203321 996 $aCulture, entertainment and the Bible$92188462 997 $aUNINA LEADER 01736nam 2200565 450 001 9910150357003321 005 20230808205257.0 010 $a1-119-24285-1 010 $a1-119-24284-3 010 $a1-119-24265-7 035 $a(CKB)4330000000009567 035 $a(MiAaPQ)EBC4733886 035 $a(DLC) 2016046261 035 $a(Au-PeEL)EBL4733886 035 $a(CaPaEBR)ebr11295070 035 $a(CaONFJC)MIL978148 035 $a(OCoLC)962451083 035 $a(EXLCZ)994330000000009567 100 $a20161118h20162016 uy 0 101 0 $aeng 135 $aurcnu|||||||| 181 $2rdacontent 182 $2rdamedia 183 $2rdacarrier 200 00$aAdvanced electrode materials /$fedited by Ashutosh Tiwari, Filiz Kuralay and Lokman Uzun 210 1$aBeverly, Massachusetts :$cScrivener Publishing,$d[2016] 210 4$dİ[2016] 215 $a1 online resource (533 pages) $cillustrations 225 1 $aAdvanced Materials Series 300 $aIncludes index. 311 $a1-119-24252-5 320 $aIncludes bibliographical references and index. 410 0$aAdvanced materials series (Scrivener Publishing) 606 $aElectric batteries$xElectrodes$xMaterials 606 $aElectrochemistry 606 $aNanostructured materials 615 0$aElectric batteries$xElectrodes$xMaterials. 615 0$aElectrochemistry. 615 0$aNanostructured materials. 676 $a621.31/24240284 702 $aTiwari$b Ashutosh 702 $aKuralay$b Filiz 702 $aUzun$b Lokman 801 0$bMiAaPQ 801 1$bMiAaPQ 801 2$bMiAaPQ 906 $aBOOK 912 $a9910150357003321 996 $aAdvanced electrode materials$92051088 997 $aUNINA